| 000 | 00360nam a2200157Ia 4500 | ||
|---|---|---|---|
| 008 | 230312s9999||||xx |||||||||||||| ||und|| | ||
| 020 | _a0-8264-6894-2 | ||
| 082 |
_a371.26 _bTAN |
||
| 100 | _aTanner Howard | ||
| 245 | 0 | _aMarking and Assessment | |
| 260 |
_bContinuum _aLondon _c2003 |
||
| 300 | _a104 | ||
| 546 | _aEng. | ||
| 650 | _aManagement | ||
| 942 | _cBK | ||
| 999 |
_c1974 _d1974 |
||